Score 0/27 Timer 07:00
0 Plays Today
Year % Correct
Fifa 15Lionel Messi,Eden Hazard
99.2%
Fifa 13Lionel Messi
97.2%
Fifa 14Lionel Messi
97.2%
Fifa 16Lionel Messi
97.2%
Fifa 18Cristiano Ronaldo
97.2%
Fifa 19Cristiano Ronaldo
97.2%
Fifa 06Wayne Rooney,Ronaldinho
95.5%
Fifa 07Wayne Rooney,Ronaldinho
95.5%
Fifa 08Wayne Rooney,Ronaldinho
95.5%
Fifa 09Wayne Rooney,Ronaldinho
95.5%
Fifa 2004Ronaldinho,Alessandro Del Piero,Thierry Henry
94.7%
Fifa 10Wayne Rooney,Frank Lampard,Theo Walcott
93.9%
Fifa 12Wayne Rooney,Jack Wilshere
93.1%
Fifa 20Eden Hazard,Virgil van Dijk
92.7%
Year % Correct
Fifa 11Wayne Rooney,Kaka
91.9%
Fifa 2002Thierry Henry
86.6%
Fifa 17Marco Reus
65.4%
Fifa 98David Beckham
52%
Fifa 2003Edgar Davids, Ryan Giggs,Roberto Carlos
49.2%
Fifa 2005Patrick Vieira, Fernando Morientes,Andriy Shevchenko
46.7%
Fifa 99Dennis Bergkamp
38.2%
Fifa 2001Paul Scholes
31.7%
Fifa 2000Sol Campbell
16.3%
Fifa 97David Ginola
14.2%
Fifa 94David Platt,Piotr Swierczewski
4.5%
Fifa 95Erik Thorstvedt
1.2%
Fifa 96Andy Legg,Ioan Sabau
1.2%
Come Together.
Have Fun.
All Virtual.
We all need to come together. Play Sporcle's virtual live trivia to have fun, connect with people, and get your trivia on. Join a live hosted trivia game for your favorite pub trivia experience done virtually. If a virtual private party is more your thing, go here for details.

You're not logged in!

Compare scores with friends on all Sporcle quizzes.
OR
Log In

Sporcle TV

Today on Sporcle TV


Watch our educational content, quiz creation guides, and fun videos on Sporcle TV.

Show Comments

Extras

Top Quizzes Today


Score Distribution

Paid Content

Your Account Isn't Verified!

In order to create a playlist on Sporcle, you need to verify the email address you used during registration. Go to your Sporcle Settings to finish the process.

Report this User

Report this user for behavior that violates our Community Guidelines.

Details: